|
|
|
|
| LEADER |
00691cam a22001811 4500 |
| 008 |
711013s1966 nyu b 000 0 eng |
| 010 |
|
|
|a 66017624
|
| 082 |
0 |
0 |
|a 370.1
|
| 100 |
1 |
|
|a Nash, Paul,
|d 1924-
|
| 245 |
1 |
0 |
|a Authority and freedom in education:
|b an introduction to the philosophy of education/
|c Paul Nash
|
| 260 |
|
|
|a New York:
|b Wiley,
|c [1966].
|
| 300 |
|
|
|a x, 342 p.
|c 24 cm.
|
| 504 |
|
|
|a Includes bibliographical references.
|
| 650 |
|
0 |
|a Education
|x Philosophy.
|
| 906 |
|
|
|a 7
|b cbc
|c orignew
|d u
|e ocip
|f 19
|g y-gencatlg
|
| 942 |
|
|
|c BK
|
| 999 |
|
|
|c 184853
|d 184853
|
| 952 |
|
|
|0 0
|1 0
|2 ddc
|4 0
|6 370_100000000000000_NAS_A
|7 0
|9 204146
|a EDU
|b EDU
|c ST1
|d 2010-10-20
|i G148
|o 370.1 NAS/A
|p EDUG148
|r 2018-08-29
|y BK
|